|
|
|
|
| LEADER |
00000cam a2200000 a 4500 |
| 001 |
vtls009068007 |
| 003 |
SK-MaSNL |
| 005 |
20260301023335.0 |
| 008 |
220512s1999 xo 000 f slo |
| 015 |
|
|
|a SNBA2000/03-00830
|
| 020 |
|
|
|a 8071187860
|q (viaz.)
|
| 035 |
|
|
|a PPPK61916
|
| 035 |
|
|
|a urn:nbn:sk:snk-amkdle
|
| 035 |
|
|
|a urn:nbn:sk:snk-am008i3z
|
| 035 |
|
|
|a F5ED44C4-2316-4686-902E-14C39093BBB0
|
| 040 |
|
|
|a SNK
|b slo
|c SNK
|e AACR2
|
| 041 |
1 |
|
|a slo
|h eng
|
| 044 |
|
|
|a xo
|c SK
|
| 080 |
|
|
|a 821.111(73)-3
|2 1981
|
| 100 |
1 |
|
|a Woodiwiss, Kathleen E.,
|d 1939-2007
|4 aut
|9 194938
|
| 240 |
1 |
0 |
|a Petals On The River
|l Slovensky
|
| 245 |
1 |
0 |
|a Lupene na vode
|c Kathleen E. Woodiwissová ; [z anglického originálu preložila Jana Seichertová]
|
| 250 |
|
|
|a 1. vyd.
|
| 260 |
|
|
|a Bratislava
|b Ikar
|c 1999
|
| 300 |
|
|
|a 350 s.
|c 21 cm
|
| 655 |
|
7 |
|a americké romány
|2 SNKPH
|9 1174
|
| 655 |
|
7 |
|a ľúbostné romány
|2 SNKPH
|9 70497
|
| 700 |
1 |
|
|a Seichertová, Jana
|4 trl
|9 192457
|
| 852 |
|
|
|a Slovenská národná knižnica
|
| 919 |
|
|
|a 80-7118-786-0
|
| 954 |
|
|
|a beletria cudzojazyčná (svetová)
|2 lita
|
| 999 |
|
|
|c 569005
|d 570935
|
| 952 |
|
|
|t P60, <03>, [BOOK], {603}
|a SNK
|b SNK
|y PREZ
|7 0
|p 17A0219256
|o snkSC 100209
|i snkKSP 11548/99
|0 0
|1 0
|4 0
|d 1999-11-24
|f 1
|l 0
|r 2025-09-19 00:00:00
|w 2026-02-23
|
| 952 |
|
|
|t P60, <04>, [BOOK], {604}
|a SNK
|b SNK
|y VYP
|7 0
|p 17A0219257
|o snkSC 100209 D1
|i snkKSP 11549/99
|0 0
|1 0
|4 0
|d 1999-11-24
|l 0
|r 2005-01-02 00:00:00
|w 2026-02-23
|